000 00923nam a2200205Ia 4500
001 19610
003 GE_BSU
008 181216s||||||||xx |||||||||||||| ||und||
040 _cGE_BSU
245 _aაუდიტი, აღრიცხვა, ფინანსები. №12(204) 2016.
245 _bყოველთვიური ჟურნალი მეწარმეებისა და ფინანსისტებისათვის
245 _cგენ.დირ.ფრიდონ ალშიბაია,მთ.რედ.გიორგი ცერცვაძე.
260 _aთბილისი
260 _bშპს "ააფ მენეჯმენტი
260 _c2016
300 _a52გვ. 30სმ.
653 _aაუდიტი, აღრიცხვა, ფინანსები. №12(204) 2016.
653 _aპერიოდიკა
942 _cCR
999 _c52586
_d52586